Statistiques concernant Les joueurs de la Colombie (2014 et 2018)

Cliquez ici pour prendre le quiz!

Statistiques générales

  • Ce quiz a été pris 41 fois
  • Le résultat moyen est 16 sur 48

Statistiques - réponses

AnnéePosteJoueurs% Correct
MJames Rodriguez
100%
MJames Rodriguez
100%
GDavid Ospina
88%
GDavid Ospina
88%
GJosé Fernando Cuadrado
85%
ARadamel Falcao
85%
MJuan Cuadrado
82%
MJuan Cuadrado
82%
DYerry Mina
56%
MCarlos Sanchez
53%
MCarlos Sanchez
53%
DDavinson Sanchez
53%
ALuis Muriel
53%
DCristian Zapata
47%
DCristian Zapata
47%
AJackson Martinez
38%
MJuan Fernando Quintero
38%
MJuan Fernando Quintero
38%
DSantiago Arias
38%
DSantiago Arias
38%
DFarid Diaz
32%
DMario Yepes
26%
ACarlos Bacca
24%
ACarlos Bacca
24%
MFredy Guarin
21%
MMateus Uribe
21%
DOscar Murillo
21%
MJefferson Lerma
18%
DJuan Camilo Zuniga
18%
ATeofilo Gutierrez
15%
MAbel Aguilar
12%
MAbel Aguilar
12%
2014EntrJosé Pekerman
12%
2018EntrJosé Pekerman
12%
MWilmar Barrios
12%
DEder Alvarez Balanta
9%
AVictor Ibarbo
9%
AAdrian Ramos
6%
GCamilo Vargas
6%
GCamilo Vargas
6%
GFaryd Mondragon
6%
DPablo Armero
6%
DCarlos Valdés
3%
DJohan Mojica
3%
AJosé Izquierdo
3%
MAlexander Mejia
0%
MCarlos Carbonero
0%
AMiguel Borja
0%

Distribution des résultats

Percentile par nombre de réponses

% des personnes avec chaque résultat

Votre développement - résultats

Vous n’avez pas pris ce quiz